Corso d'Economia politica o esposizione de' principii che determinano la prosperità delle nazioni... / (Record no. 165795)
[ view plain ]
| 000 -LEADER | |
|---|---|
| campo de control de longitud fija | 00789nam a2200193 i 4500 |
| 001 - NÚMERO DE CONTROL | |
| campo de control | 165795 |
| 003 - IDENTIFICADOR DE NÚMERO DE CONTROL | |
| campo de control | ES-MaACL |
| 005 - FECHA Y HORA DE LA ÚLTIMA TRANSACCIÓN | |
| campo de control | 20251013213326.0 |
| 008 - DATOS DE LONGITUD FIJA--INFORMACIÓN GENERAL | |
| campo de control de longitud fija | 931025s1853 it |||| | ita d |
| 100 1# - ENTRADA PRINCIPAL--NOMBRE DE PERSONA | |
| Nombre de persona | Storch, Enrico. |
| 9 (RLIN) | 132916 |
| 245 10 - MENCIÓN DEL TÍTULO | |
| Título | Corso d'Economia politica o esposizione de' principii che determinano la prosperità delle nazioni... / |
| Mención de responsabilidad, etc. | di Enrico Storch con note di G. B. Say. |
| 260 ## - PUBLICACIÓN, DISTRIBUCIÓN, ETC. | |
| Lugar de publicación, distribución, etc. | Torino : |
| Nombre del editor, distribuidor, etc. | Cugini Pomba e comp. edit., |
| Fecha de publicación, distribución, etc. | 1853 ( |
| Fabricante | Tip. Pons e comp.) |
| 300 ## - DESCRIPCIÓN FÍSICA | |
| Extensión | XXXI, 919 p. ; |
| Dimensiones | 23 cm. |
| 490 1# - MENCIÓN DE SERIE | |
| Mención de serie | Biblioteca dell Economista ; |
| Designación de volumen o secuencia | prima serie. vol. 4 |
| 700 1# - ENTRADA AGREGADA--NOMBRE PERSONAL | |
| Nombre de persona | Say, Jean Baptiste, |
| Fechas asociadas al nombre | 1767-1832 |
| 9 (RLIN) | 132518 |
| 830 00 - PUNTO DE ACCESO ADICIONAL DE SERIE-TÍTULO UNIFORME | |
| Título uniforme | Biblioteca dell economista |
| Designación de volumen o secuencia | prima serie. vol. 4 |
| 9 (RLIN) | 188577 |
| 852 ## - LOCALIZACIÓN | |
| Ubicación | ES-MaACL |
| Número de control de estantería | B-8958 |
| Nota libre | -- Enc. hol. |
| Estatus retirado | Estado de pérdida | Estado de daño | No para préstamo | Colección | Biblioteca de origen | Biblioteca actual | Ubicación en estantería | Fecha de adquisición | Fuente de adquisición | Total de préstamos | Signatura topográfica completa | Código de barras | Visto por última vez | Precio de reemplazo | Tipo de ítem Koha |
|---|---|---|---|---|---|---|---|---|---|---|---|---|---|---|---|
| Libros del s. XIX | Biblioteca del Ateneo de Madrid | Biblioteca del Ateneo de Madrid | Sala Pardo Bazán | 17/01/2008 | B-8958 | 1173873 | 23/02/2023 | 23/02/2023 | Libro impreso antiguo |
